| 000 | 00856nam a2200205 a 4500 | ||
|---|---|---|---|
| 001 | 000026332 | ||
| 005 | 20250217123446.0 | ||
| 008 | 110314s2010 dr 000 0 spa d | ||
| 020 | _a9789945876406 | ||
| 040 |
_aDO-SdBNP _bspa _cBNPHU |
||
| 082 |
_axxxx _bI73c |
||
| 100 | 1 |
_aIsaac, Telésforo A., _d1929- _953360 |
|
| 245 | 1 | 0 |
_aComentarios de Domingos en Cuaresma y Semana Santa / _cTelésforo A. Isaac ; prólogo Ashton Jacinto Brooks. |
| 260 |
_aSanto Domingo : _bComisión de Educación Teológica para América Latina y el caribe, _c2010. |
||
| 300 |
_a212 p. ; _c23 cm. |
||
| 500 | _aIncluye datos biografícos del autor en la contraportada. | ||
| 504 | _aIncluye referencias bibliográficas y notas al pie de las páginas. | ||
| 590 | _aLa biblioteca posee un ejemplar autografiado por el autor. | ||
| 700 | 1 |
_aBroks, Ashton Jacinto _eprol. _953361 |
|
| 999 |
_c25824 _d25824 |
||